1456 1109 1510 1874 1565 1818 1807 1849 1367 1805 1418 1499 1536 1735 1167 1700 1303 1442 1683 1541 1123 1706 1141 1661 1142 1683 1547 1116 1075 1564 1963 1866 1074 1079 1623 1004 1978 1677 1265 1627 1804 1969 1491 1432 1936 1809 1261 1164 1983 1091 1864 1352 1807 1961 1367 1480 1896 1521 1534 1954 1951 1368 1438 1546 1776 1026 1734 1481 1408 1613 1028 1947 1541 1311 1421 1544 1028 1583 1444 1888 1768 1860 1292 1042 1783 1475 1748 1735 1889 1363 1312 1682 1820 1807 1394 1485 1607 1663 1686 BCNSPRNW ULIB Ver.6.0+V

เปลี่ยนเป็นภาษาไทย

Change to English
 แสดงรายละเอียดบรรณานุกรม
  กลับหน้าหลัก

Brief Record : Get Marc (ISO 2709) : E-mail record : QR code < ปิดหน้าต่าง
LEADER : 00000nam 2200000uu 4500
001    13399124942
003     ULIB
008    160524s2558||||th 000 0 tha d
020    ^a9786169222002
060  4 ^aWO700 ^bต367
245 00 ^aตำราศัลยศาสตร์อุบัติเหตุ 18 :^bTrauma management for general practitioner /^cบรรณาธิการ, ชาญเวช ศรัทธาพุทธ, เรวัต ชุณหสุวรรณกุล.
246 31 ^aTrauma management for general practitioner.
250    ^aพิมพ์ครั้งที่ 1
260    ^aกรุงเทพฯ :^bสมาคมแพทย์อุบัติเหตุแห่งประเทศไทย,^c2557.
300    ^aก-ซ, 342 หน้า :^bภาพประกอบ ;^c22 ซม.
650  7 ^aบาดแผลและบาดเจ็บ ^xศัลยกรรม
650  7 ^aศัลยกรรมอุบัติเหตุ
650  7 ^aภาวะฉุกเฉินทางการแพทย์
700 0  ^aชาญเวช ศรัทธาพุทธ,^eบรรณาธิการ.
700 0  ^aเรวัต ชุณหสุวรรณกุล,^eบรรณาธิการ.
710 2  ^aสมาคมแพทย์อุบัติเหตุแห่งประเทศไทย.
945    ^p0^l0^i000901
945    ^p0^l0^i000902
945    ^p0^l0^i000903
999    ^aเกษร โพธิ์สุวรรณ
รายการนี้ยังไม่มีแท็ก
คุณยังไม่ได้ล็อกอิน คุณสามารถมีกิจกรรมร่วมกับเว็บไซต์ได้ แต่ต้องล็อกอินก่อน ::
  ล็อกอิน

รายการสื่อสารสนเทศ

ลำดับที่ ประเภท เลขเรียก/บาร์โค้ด สถานที่ สถานะ
1. วิทยาศาสตร์การแพทย์ และสุขภาพ
วิทยาศาสตร์การแพทย์ และสุขภาพ
สถานะ=หนังสือเก่า
WO700 ต367 ฉ.1 
  Barcode: 000901
ห้องสมุดวิทยาเขตสวรรค์ประชารักษ์
►ส่วนจัดเก็บหนังสือเก่า สปร
บนชั้น
  ขอยืม
2. วิทยาศาสตร์การแพทย์ และสุขภาพ
วิทยาศาสตร์การแพทย์ และสุขภาพ
สถานะ=หนังสือเก่า
WO700 ต367 ฉ.2 
  Barcode: 000902
ห้องสมุดวิทยาเขตสวรรค์ประชารักษ์
►ส่วนจัดเก็บหนังสือเก่า สปร
บนชั้น
  ขอยืม
3. วิทยาศาสตร์การแพทย์ และสุขภาพ
วิทยาศาสตร์การแพทย์ และสุขภาพ
สถานะ=หนังสือเก่า
WO700 ต367 ฉ.3 
  Barcode: 000903
ห้องสมุดวิทยาเขตสวรรค์ประชารักษ์
►ส่วนจัดเก็บหนังสือเก่า สปร
บนชั้น
  ขอยืม

รายการใกล้เคียง
    หัวเรื่อง [ศัลยกรรมอุบัติเหตุ]
    หัวเรื่อง [ภาวะฉุกเฉินทางการแพทย์]

BibComment


ยังไม่เคยถูกคอมเมนท์

คอมเมนท์ทรัพยากรรายการนี้
  คอมเมนท์: ตำราศัลยศาสตร์อุ..


 Copyright 2026. Bcnsprnw @Library